000
00331nam a22001457a 4500
008
211020b ||||| |||| 00| 0 eng d
020
_a
9780071835022
041
_a
eng
080
_2
4th
_a
615
082
_a
615
100
_a
5
101
_a
FAR
245
_a
Pharmacotherapy Principles & Practice
_c
Burns,M.A
942
_2
udc
_c
BK
999
_c
58312
_d
58312